000 00855cab a2200253 4500
001 X1016
008 090401t1993 xxu||||| |||| 00| 0 eng d
035 _a(Sirsi) u14177
041 _aeng
100 _aKodikara, G.W.
245 _aFlow of estimating data in Sri Lankan building contractor organisations
260 _c1993
350 _a0
490 _aConstruction Management & Economics
_v11(5) September 1993, 341-346(6)
520 _aDrawing information from 10 case studies of Sri Lankan building contractors this paper identifies the contractors` management functions, management tasks and management groups.
650 _aBILLS OF QUANTITIES
650 _aCONSTRUCTION MANAGEMENT
_96230
650 _aESTIMATING
650 _aSRI LANKA
690 _aBUILT ENVIRONMENT
700 _aMcCaffer, R.
942 _n0
948 _c04/03/1997
999 _c9206
_d9206